01012nam a2200241 a 450000100100000000500170001000800410002704000130006808200190008110000470010024500940014724600430024126000690028430000430035349000700039649000290046650000640049550400540055965000530061365000260066683000490069283000290074100000735620200929154137.0090908s1991 dr abd 001 0 spa d aDO-SdBNP a617.632bT233e1 aTaveras García, Héctor Darío,d1943-10aEnfermedad periodontal en la República Dominicana /cHéctor Darío Taveras García.03bEstudio sobre prevalencia e incidencia aSanto Domingo :bUniversidad Autonóma de Santo Domingo,c1991. a144 p. :bil., gráf., map. ;c21 cm.1 aPublicaciones de la Universidad Autonóma de Santo Domingo,v6431 aSalud y sociedadvNo. 18 aIncluye datos biográficos del autor en la contracubierta. aIncluye referencias bibliográficas (p. 141-143) 4aEnfermedades periodontalzRepública Dominicana 4aEpidemiologia clinica 0aUniversidad Autonóma de Santo Domingov643 0aSalud y sociedadvNo. 18